Catalogue des livres rares et curieux (Record no. 185122)

MARC details
000 -LEADER
campo de control de longitud fija 00680nam a2200145 i 4500
001 - NÚMERO DE CONTROL
campo de control 185122
003 - IDENTIFICADOR DE NÚMERO DE CONTROL
campo de control ES-MaACL
005 - FECHA Y HORA DE LA ÚLTIMA TRANSACCIÓN
campo de control 20230906222342.0
008 - DATOS DE LONGITUD FIJA--INFORMACIÓN GENERAL
campo de control de longitud fija 160323s1876 fr |||| | fre d
245 00 - MENCIÓN DEL TÍTULO
Título Catalogue des livres rares et curieux
Resto del título : le plupart sur grand papier de hollande ou sur papier de chine composant la Bibliothèque du Chateau de N*** dont la vente aura lieu les jeudi 30 novembre, vendredi ...1876 par le ministère Maurice Delastre...
260 ## - PUBLICACIÓN, DISTRIBUCIÓN, ETC.
Lugar de publicación, distribución, etc. Paris :
Nombre del editor, distribuidor, etc. Adolphe Labitte,
Fecha de publicación, distribución, etc. 1876.
300 ## - DESCRIPCIÓN FÍSICA
Extensión 83 p. ;
Dimensiones 23 cm.
650 04 - PUNTO DE ACCESO ADICIONAL DE MATERIA--TÉRMINO DE MATERIA
Término de materia o nombre geográfico como elemento de entrada Libros-
Subdivisión de forma Catálogos de subastas.
9 (RLIN) 14429
852 ## - LOCALIZACIÓN
Ubicación ES-MaACL
Número de control de estantería T-255-F-4
Nota libre .- Enc. en un vol. facticio falto de la cub. original
Holdings
Estatus retirado Estado de pérdida Estado de daño No para préstamo Colección Biblioteca de origen Biblioteca actual Ubicación en estantería Fecha de adquisición Fuente de adquisición Total de préstamos Signatura topográfica completa Código de barras Visto por última vez Precio de reemplazo Tipo de ítem Koha
        Colección de folletos Biblioteca del Ateneo de Madrid Biblioteca del Ateneo de Madrid Depósito folletos 23/03/2016     T-255-F-4 1194995 23/02/2023 23/02/2023 Folleto